000 01171nam0a22003131 4500
001 v19\rc\1413139
005 20250618104944.0
035 _a(NLR Aleph) 004541380
090 _a2011442
_c2011442
100 _a20060512d1880 |||y0rusy50 ca
101 1 _arus
_cund
102 _aRU
105 _ay z |||||
200 1 _aПроизведения народной словесности, обряды и поверья вотяков Казанской и Вятской губерний
_eЗаписаны, пер. и излож. Борисом Гавриловым во время его командировки в вотяц. селения Казан. и Вят. губ.
210 _aКазань
_cПравослав. миссион. о-во
_d1880
215 _a190 с.
_d22
700 1 _aГаврилов
_bБ.
_gБорис
801 0 _aRU
_bNLR
_gpsbo
801 0 _aRU
_bRuMoRGB
_2psbo
801 1 _aRU
_bProSoft-M
_2rusmarc
852 _aNLR
_j18.302.3.29
852 _aNLR
_j131/3721
899 _aRuMoRGB
_jR 176/450
899 _aRuMoRGB
_jU 106/322
899 _aНБ СПбГУ
899 _aГПИБ
899 _aНБ МГУ
942 _cBOOK
980 _aNB